MDQL
is popping MORE tags! Check the
thread
!
Quizzes
Events
Quiz Creation
Community
Videos
Private Events
Remove Ads
Sign In
Join for FREE
Feedback
Dark Mode
Quiz Categories
Sports
Geography
Music
Movies
Television
Just For Fun
Miscellaneous
History
Literature
Language
Science
Gaming
Entertainment
Religion
Holiday
For Kids
Quiz Lab
Recent
Popular Today
Quiz Kudos Today
Editor Picks
Curator Picks
Quizzes by...
Day
Popularity
Type
Ratings
Length
Year
Community
Subscriptions
Recent Discussions
Orange Saloon
Badges
Playlists
Quests
Create
Leaderboards
Showdown
Live 5
Trivia Bingo
Activity
Puzzle Library
Sporcle Events
Private Events
Virtual Trivia
Globe League
Become a Host
Pub Owners
SporcleCon
Opinionation
Our Games
Videos
Blog
Mobile Apps
Partnerships
Remove Ads and Go Orange
Feedback
History
US Presidents
World Leaders
Politics
Nation
Discovery
War
Decade
Year
Century
Biography
Art
History
US Presidents
World Leaders
Politics
Nation
Discovery
War
Decade
Year
Century
Biography
Art
Random Quiz
Search Sporcle
×
Quiz Lab
Quiz Lab
History
Chapter
Type in answers that appear in a list
Type in answers that appear in a list
Classic
Best Score? Go Orange.
ADP Chapters and Founding Years (Active) Stats
Can you name the ADP Chapters and Founding Years
By
econns
5m
30 Questions
267 Plays
267 Plays
267 Plays
Comments
Comments
Give Quiz Kudos
Give Quiz Kudos
-
- Ratings
hide this ad
Forced Order
Answers have to be entered in order
Answers have to be entered in order
Random Order
Randomize order of answers
Randomize order of answers
Replay
Link that replays current quiz
Next Quiz
Link to next quiz in quiz playlist
You Got
0%
They Got
Avg Score
61%
Avg Friend Score
Upgrade to see
Score Distribution
Jump to the score distribution portion of the page
Score
0/30
Timer
05:00
0
Plays Today
Chapter
Year Founded
% Correct
Hamilton
1832
90.3%
Miami
1835
84.6%
Rochester
1850
82.8%
UConn
2008
80.9%
Wisconsin
1902
80.5%
Cornell
1869
78.7%
Yale
1836
77.9%
UMass Amherst
1978
77.5%
Trinity
1877
77.2%
Illinois
1911
76.8%
Toronto
1893
74.2%
M.I.T.
1977
73%
Chapman
1987
71.9%
Union
1859
71.2%
McGill
1897
69.7%
Chapter
Year Founded
% Correct
Michigan
1846
69.3%
Washington
1921
68.5%
Kenyon
1858
68.2%
Chicago
1896
67.8%
U.C. Berkeley
1908
67%
Johns Hopkins
1889
66.7%
British Columbia
1926
59.2%
Penn State
2002
58.8%
Northeastern
2006
58.8%
Minnesota
1892
58.4%
Florida State
2009
58.1%
Duke
2005
52.9%
Chi Sigma Chi (Alumni Only)
2010
46.3%
Brandeis
2006
45.6%
Virginia
1855
42.6%
Quiz Playlist
Details
Report
Send in Message
Add To Playlist
Classic:
Type in answers that appear in a list
Forced Order:
Answers have to be entered in order
Random Order:
Randomize order of answers
Last Updated: Feb 16, 2017
Quiz Scoreboard
CHALLENGE
Sign Up to Join the Scoreboard
Show All
Scores
Hide
Comments
May contain spoilers
Recently Published
5x2 Blitz: Bands
by SL_Kpop136
Music
30s
Colored Red Africa Blitz
by spor1
Geography
30s
Find the 'City' Movie
by crazypaving
Movies
60s
More to Explore
Quiz From the Vault
Featured Blog Post
14 Easter Pick-up Lines to Find Eggs With
hide this ad
You Might Also Like...
Tags
ADP
Chapter
Founded
Founding
Today's Top Quizzes in History
Browse History
hide this ad
Today's Top Quizzes in Chapter
Browse Chapter
Top Contributed Quizzes in History
1
Popular People in 1991
2
US National Parks Named After People
3
Popular People in 1951
4
Popular People in 1941
5
Order Up: 1000 Years of World Events I
6
I Am Born On March 29th
7
Popular People in 1921
8
Popular People in 1981
9
Popular People in 1986
10
Popular People in 1976
Explore More
Trending Topics
Kpop
Crossword
NBA
Anime
Marvel
Disney
Harry Potter
Country
NFL
Puzzle
The Office
WWE
Song
Soccer
Pokémon
hide this ad
More By:
econns
Quiz
Plays
Rating
Category
Featured
Created
ADP Chapters and Founding Years (Active)
267
History
Oct 16, 2013
ADP Chapters and Chapter Names (Active)
65
History
Oct 16, 2013
ADP Connecticut Chapter - Founders
42
History
Nov 5, 2013
ADP Miscellaneous
25
History
Nov 5, 2013
ADP Song Authors
14
History
Nov 9, 2013
Go to Creator's Profile
Score Distribution
Quiz Creator Spotlight
econns
Follow
Send a Message
Quizzes Created
-
Created Quiz Play Count
-
More By This Creator
Popular Quizzes Today
1
Colored Red Africa Blitz
2
Find the 'City' Movie
3
5x2 Blitz: Bands
4
Find the US States - No Outlines Minefield
5
The Countries of the World
6
Find the US States
7
US States
8
Find the Countries of Europe - No Outlines Minefield
More History Quizzes
JULBEMD Dates
Published
Trending Quizzes
Colored Red Europe Blitz I
Colored Red Europe Blitz II
Colored Red Africa Blitz II
Colored Red Europe Blitz III
Colored Red Africa Blitz III
Recently Updated
How Do You Spell That?
pecheneg
Godzilla Movies
pecheneg
Grab Bag: 4-10 Letters
pecheneg
2024 March Madness Bracket
pecheneg
Famous TV Couples
Peacemaker
Champions League XIs: Real Madrid
pecheneg
Largest US Cities 1790-2010
pecheneg
Rides in Walt Disney World
pecheneg
Most Oscar Losses (Acting)
pecheneg
Beyoncé Albums
pecheneg
Trending Topics
Marvel
Disney
Crossword
Harry Potter
Anime
NBA
Kpop
Pokémon
Puzzle
NFL
WWE
Song
Country
The Office
Soccer
Your Account Isn't Verified!
In order to create a playlist on Sporcle, you need to verify the email address you used during registration. Go to your
Sporcle Settings
to finish the process.
Report this User
Report this user for behavior that violates our
Community Guidelines
.
Details:
Send Report
Go to the Sporcle.com Mobile Site →
Comments